Digital Banking, Operational Efficiency, Competitive Intensity and Service Delivery among Commercial Banks in Kenya (Record no. 60315)

MARC details
000 -LEADER
fixed length control field 00959nam a22002417a 4500
005 - DATE AND TIME OF LATEST TRANSACTION
control field 20260331133039.0
008 - FIXED-LENGTH DATA ELEMENTS--GENERAL INFORMATION
fixed length control field 260331b |||||||| |||| 00| 0 eng d
040 ## - CATALOGING SOURCE
Original cataloging agency SPU
Transcribing agency SPU
Modifying agency dwaswala
050 ## - LIBRARY OF CONGRESS CALL NUMBER
Classification number THE HG1710
Item number .M37 2025
100 ## - MAIN ENTRY--PERSONAL NAME
Personal name Masila, Lewis Muia
245 ## - TITLE STATEMENT
Title Digital Banking, Operational Efficiency, Competitive Intensity and Service Delivery among Commercial Banks in Kenya
260 ## - PUBLICATION, DISTRIBUTION, ETC. (IMPRINT)
Place of publication, distribution, etc Limuru, Kenya:
Name of publisher, distributor, etc St. Paul's University,
Date of publication, distribution, etc 2025.
300 ## - PHYSICAL DESCRIPTION
Extent xiii, 262p.;
Other physical details ill.
Dimensions 30cm.
500 ## - GENERAL NOTE
General note A Thesis Submitted to the School of Business and Leadership Studies in Fulfilment of the Requirements for the Award of Degree of Doctor of Philosophy in Business Administration
650 ## - SUBJECT ADDED ENTRY--TOPICAL TERM
Topical term or geographic name as entry element Customer services
650 ## - SUBJECT ADDED ENTRY--TOPICAL TERM
Topical term or geographic name as entry element Bank management
650 ## - SUBJECT ADDED ENTRY--TOPICAL TERM
Topical term or geographic name as entry element Electronic funds transfers
650 ## - SUBJECT ADDED ENTRY--TOPICAL TERM
Topical term or geographic name as entry element Internet banking
650 ## - SUBJECT ADDED ENTRY--TOPICAL TERM
Topical term or geographic name as entry element Banks and banking
700 ## - ADDED ENTRY--PERSONAL NAME
Personal name Muhoho, John
Relator term Supervisor
700 ## - ADDED ENTRY--PERSONAL NAME
Personal name Sang, William
Relator term Supervisor
942 ## - ADDED ENTRY ELEMENTS (KOHA)
Source of classification or shelving scheme Library of Congress Classification
Item type Thesis
Holdings
Withdrawn status Lost status Source of classification or shelving scheme Damaged status Not for loan Collection code Home library Current library Shelving location Date acquired Source of acquisition Total Checkouts Full call number Barcode Date last seen Price effective from Koha item type
    Library of Congress Classification   Not For Loan Non-fiction Bishop Okullu Memorial Library (Limuru Campus) Bishop Okullu Memorial Library (Limuru Campus) Special Collection 31/03/2026 Donation   THE HG1710 .M37 2025 072469 31/03/2026 31/03/2026 Thesis